[Event "Haarlemse Meesters-IM 2018"]
[Site "Haarlem"]
[Date "2018.10.21"]
[Round "2"]
[White "Basman, Michael J"]
[Black "Lenaerts, Lennert"]
[Result "0-1"]
[WhiteElo "2313"]
[BlackElo "2362"]
[Annotator "NA"]
[PlyCount "69"]
[EventDate "2018.10.17"]
[EventType "tourn"]
[EventCountry "NED"]
[SourceTitle "playchess.com"]
[Source "ChessBase"]
[SourceQuality "1"]
[TimeControl "40/5400+30:1800+30"]

{[%evp 8,69,-6,-14,-4,-15,32767,-38,32767,-11,32767,-4,32767,32767,-8,0,32767,-13,32767,32767,-101,-104,-81,-127,-100,32767,32767,-152,32767,32767,-190,32767,32767,-185,-226,-187,-207,-272,-216,-215,32767,32767,32767,32767,32767,32767,-791,-659,-697,-673,-719,-715,-716,-747,-731,-706,-755,-1028,32767,32767,32767,-756,-750,-883]} 1. b4 {[%emt 0:00:00]} c6 {[%emt 0:00:00]} 2. a3 {[%emt 0:01:57]} a5 {[%emt 0:03:04]} 3. b5 {[%emt 0:00:41]} d5 {[%emt 0:02:05]} 4. e3 {[%emt 0:00:32]} e5 {[%emt 0:07:28]} 5. Bb2 {[%emt 0:00:09]} Bd6 {[%emt 0:00:08]} 6. c4 {[%emt 0:10:53]} Nf6 {[%emt 0:08:27]} 7. bxc6 {[%emt 0:02:26]} bxc6 {[%emt 0:00:57]} 8. Nf3 {[%emt 0:00:08]} Nbd7 {[%emt 0:04:59]} 9. Nc3 {[%emt 0:05:03]} O-O {[%emt 0:00:50]} 10. cxd5 {[%emt 0:00:04]} cxd5 {[%emt 0:00:06]} 11. Nb5 {[%emt 0:00:05]} Bb8 {[%emt 0:00:11]} 12. d4 {[%emt 0:01:42]} e4 {[%emt 0:00:46]} 13. Ne5 {[%emt 0:00:08] [#]} Nxe5 $1 {[%emt 0:03:09]} 14. dxe5 {[%emt 0:00:07]} Ng4 {[%emt 0:00:21]} 15. Be2 {[%emt 0:07:43]} Nxe5 {[%emt 0:01:43]} 16. Bd4 {[%emt 0:11:37]} Qg5 {[%emt 0:04:45]} 17. Kf1 {[%emt 0:01:20]} Bg4 {[%emt 0:13:53]} 18. h4 {[%emt 0:04:53]} Bxe2+ {[%emt 0:02:45]} 19. Qxe2 {[%emt 0:00:10]} Qf5 {[%emt 0:00:03]} 20. h5 {[%emt 0:08:00]} h6 {[%emt 0:02:31]} 21. Rd1 {[%emt 0:08:15]} Rc8 {[%emt 0:02:39]} 22. Ba1 {[%emt 0:04:22]} Ng4 {[%emt 0:09:11]} 23. Kg1 {[%emt 0:10:03]} Qg5 {[%emt 0:10:14]} 24. Rh3 {[%emt 0:02:22]} Ra6 {[%emt 0:04:26]} 25. Nd4 {[%emt 0:02:27]} Rf6 {[%emt 0:02:24]} 26. Rf1 {[%emt 0:01:16] [#]} Nxf2 $1 {[%emt 0:02:17]} 27. Qxf2 {[%emt 0:05:37]} Rxf2 {[%emt 0:00:05]} 28. Kxf2 {[%emt 0:00:08]} Be5 {[%emt 0:00:27]} 29. Kg1 {[%emt 0:00:12]} Qg4 {[%emt 0:00:29]} 30. Bb2 {[%emt 0:03:38]} a4 {[%emt 0:01:46]} 31. Ba1 {[%emt 0:00:10]} f6 {[%emt 0:04:38]} 32. Kh1 {[%emt 0:02:02]} Bxd4 {[%emt 0:01:16]} 33. Bxd4 {[%emt 0:00:02]} Rc2 {[%emt 0:00:11]} 34. Rh2 {[%emt 0:00:34]} Qe2 {[%emt 0:00:44]} 35. Kg1 $19 {[%emt 0:00:19]} 0-1

[Event "Haarlemse Meesters-IM 2018"]
[Site "Haarlem"]
[Date "2018.10.21"]
[Round "2"]
[White "Daeschler, Florian"]
[Black "Bosboom, Manuel"]
[Result "0-1"]
[WhiteElo "2254"]
[BlackElo "2404"]
[Annotator "TA"]
[PlyCount "64"]
[EventDate "2018.10.17"]
[EventType "tourn"]
[EventCountry "NED"]
[SourceTitle "playchess.com"]
[Source "ChessBase"]
[SourceQuality "1"]

{[%evp 19,64,31,54,-3,0,0,-3,-7,-16,-50,-13,-50,-50,-50,-50,-50,-41,-50,-48,-29,0,-30,0,0,36,-21,-3,-14,-1,-23,-8,-2,0,0,5,-20,-7,-103,0,-122,-80,-482,-466,-1125,-1122,-29988,-29989]} 1. d4 Nf6 2. c4 g6 3. g3 Bg7 4. Bg2 c5 5. d5 d6 6. Nc3 O-O 7. Nf3 e6 8. O-O exd5 9. cxd5 Nbd7 10. Bf4 {A62: Modern Benoni: Fianchetto Variation without early ...Nbd7} (10. Re1 Ng4 11. h3 Nge5 12. Nd2 f5 13. f4 Nf7 14. e4 fxe4 15. Ndxe4 a6 16. a4 Rb8 17. Be3 b5 18. axb5 axb5 {½-½ (57) Leitao,R (2620)-Papaioannou,I (2634) Batumi 2018}) 10... Nb6 {LiveBook: 3 Games} 11. h3 (11. e4 $14) 11... Re8 $11 {[%cal Bf8e8,Be8e4,Be4b4][%mdl 32]} 12. a4 $146 {The position is equal.} ({Predecessor:} 12. Re1 Bf5 13. Nh4 Be4 14. Bg5 Bxg2 15. Nxg2 Qd7 16. Bxf6 Bxf6 17. Kh2 Bg7 {0-1 (39) Grahn,L (2058)-Malmdin,N (2306) Rogaska Slatina 2012}) 12... Ne4 13. Nxe4 $1 Rxe4 14. Ra2 Rb4 15. Nd2 a5 ({Don't play} 15... Rxb2 $6 16. Rxb2 Bxb2 17. Ne4 $14) 16. b3 g5 17. Be3 Bf5 18. Nf3 {[%cal Bd2f3,Bf3h2,Bh2g4][%mdl 32]} h6 19. Bd2 Re4 20. Nh2 (20. h4 $5) 20... Qe7 21. Ng4 Nxd5 22. Bxg5 (22. Bxe4 $14 Qxe4 23. f3) 22... Qe6 {[#] Hoping for ...Nc3.} 23. Bxe4 Bxe4 24. Bd2 h5 $36 {[%mdl 2048] Black is pushing.} 25. f3 hxg4 26. fxe4 Qxe4 27. hxg4 Qxg4 28. Rf3 {[#]} (28. Kg2 $1 $11) 28... Bd4+ (28... Re8 $1 $17 {aiming for ...Bd4+.} 29. e3 Bh6) 29. Kg2 (29. e3 $11 {keeps the balance.} Bxe3+ 30. Bxe3) 29... Re8 $17 {[%cal Ba8e8,Be8e5,Be5e3][%mdl 32] ...Re5 is the strong threat.} 30. Rc2 $2 {[%mdl 8192]} (30. Bf4 $17) 30... Re5 $19 {White must now prevent ...Rh5.} 31. e3 (31. Rc1 $142 Qe6 32. e3 Bxe3 33. Bxe3 Nxe3+ 34. Rxe3 Rxe3 35. Rc4) 31... Rxe3 32. Be1 Nf4+ {Precision: White = 23%, Black = 52%.} 0-1

[Event "Haarlemse Meesters-IM 2018"]
[Site "Haarlem"]
[Date "2018.10.22"]
[Round "3"]
[White "Riemersma, Li"]
[Black "Van Kerkhof, David"]
[Result "0-1"]
[WhiteElo "2460"]
[BlackElo "2371"]
[Annotator "TA"]
[PlyCount "70"]
[EventDate "2018.10.17"]
[EventType "tourn"]
[EventCountry "NED"]
[SourceTitle "playchess.com"]
[Source "ChessBase"]
[SourceQuality "1"]

{[%evp 18,70,-3,-29,-24,-32,-41,-38,-29,-23,-33,-36,-35,-68,-23,-58,-65,-67,-69,-70,-72,-95,-93,-77,-90,-101,-91,-158,-155,-520,-175,-150,-155,-154,-128,-147,-135,-177,-150,-302,-289,-482,-487,-851,-840,-837,-822,-1789,-1663,-1689,-1460,-29989,-29990,-29990,-29991]} 1. Nf3 c5 2. c4 g6 3. Nc3 Bg7 4. g3 Nc6 5. Bg2 e6 6. d3 Nge7 7. Bg5 {A37: Symmetrical English vs ...g6: 4 Bg2 Bg7 5 Nf3} h6 8. Bd2 d5 9. O-O b6 10. Qc1 {LiveBook: 8 Games} d4 11. Na4 $146 ({Predecessor:} 11. Nd1 a5 12. b3 g5 13. a3 Qd6 14. Rb1 O-O {0-1 (28) Guichard,P (2285)-Muzychuk,A (2576) Monaco 2017}) 11... Qd7 12. a3 Bb7 13. b4 Nd8 14. Nb2 e5 15. Rb1 Bc6 16. bxc5 bxc5 17. Ne1 f5 18. Bxc6 Qxc6 19. Ng2 g5 20. Qc2 O-O 21. Qa4 Qd6 22. Qa5 ({White should play} 22. f3) 22... Ne6 $17 23. Na4 $2 {[#]} (23. Qa4 $17) 23... Rfb8 $2 (23... Nc6 $1 {[%cal Rc6a5]} 24. Qb5 Rfb8) 24. Rxb8+ $19 Rxb8 25. Bc1 Nc6 26. Qd2 f4 27. Qc2 Rf8 28. f3 $2 (28. Nb2 $17) 28... fxg3 29. hxg3 $2 {[#]} (29. Qd1) 29... e4 $1 {[%mdl 512]} 30. fxe4 (30. f4 $142 e3 31. Qd1) (30. dxe4 Qxg3) 30... Qxg3 {Strongly threatening ...Ne5.} 31. Rxf8+ Bxf8 32. Qb1 Bd6 33. Kf1 Qh2 {Hoping for ...Bg3.} 34. e5 Qh1+ 35. Kf2 Nxe5 {Precision: White = 26%, Black = 76%.} 0-1

[Event "Haarlemse Meesters-IM 2018"]
[Site "Haarlem"]
[Date "2018.10.22"]
[Round "3"]
[White "Bosboom, Manuel"]
[Black "Harff, Marcel"]
[Result "1/2-1/2"]
[WhiteElo "2404"]
[BlackElo "2420"]
[Annotator "RC"]
[PlyCount "48"]
[EventDate "2018.10.17"]
[EventType "tourn"]
[EventCountry "NED"]
[SourceTitle "playchess.com"]
[Source "ChessBase"]
[SourceQuality "1"]
[TimeControl "40/5400+30:1800+30"]

1. Nf3 {[%emt 0:00:00]} d5 {[%emt 0:00:00]} 2. g3 {[%emt 0:00:21]} Nf6 {[%emt 0:01:37]} 3. Bg2 {[%emt 0:00:19]} e6 {[%emt 0:00:09]} 4. O-O {[%emt 0:04:28]} Be7 {[%emt 0:00:10]} 5. d3 {[%emt 0:00:28]} c5 {[%emt 0:00:28]} 6. Nbd2 {[%emt 0:01:34]} Nc6 {[%emt 0:00:19]} 7. e4 {[%emt 0:00:05]} b6 {[%emt 0:04:10]} 8. Re1 {[%emt 0:01:10]} Bb7 {[%emt 0:02:12]} 9. c3 {[%emt 0:03:57]} Qc7 {[%emt 0:08:20]} 10. Qe2 {[%emt 0:06:03]} h6 {[%emt 0:05:02]} 11. a3 {[%emt 0:04:08]} a5 {[%emt 0:00:08]} 12. a4 {[%emt 0:05:25]} Ba6 {[%emt 0:09:32]} 13. exd5 {[%emt 0:01:13]} exd5 {[%emt 0:00:34]} 14. Nb1 {[%emt 0:07:57]} O-O {[%emt 0:00:22]} 15. Na3 {[%emt 0:00:04]} Rfe8 {[%emt 0:02:25]} 16. Nb5 {[%emt 0:04:23]} Qd7 {[%emt 0:04:38]} 17. Bf4 {[%emt 0:03:58]} Bd6 {[%emt 0:03:18]} 18. Qd2 {[%emt 0:00:54]} Bxf4 {[%emt 0:00:07]} 19. Qxf4 {[%emt 0:00:17]} Bxb5 {[%emt 0:00:08]} 20. axb5 {[%emt 0:00:11]} Ne7 {[%emt 0:00:05]} 21. Qa4 {[%emt 0:03:26]} Ng6 {[%emt 0:02:21]} 22. d4 {[%emt 0:02:01]} c4 {[%emt 0:06:44]} 23. h4 {[%emt 0:06:56]} Rxe1+ {[%emt 0:02:28]} 24. Rxe1 {[%emt 0:01:51]} Re8 {[%emt 0:00:24]} 1/2-1/2

[Event "Haarlemse Meesters-IM 2018"]
[Site "Haarlem"]
[Date "2018.10.22"]
[Round "3"]
[White "Lenaerts, Lennert"]
[Black "Gijswijt, Bart"]
[Result "1/2-1/2"]
[WhiteElo "2362"]
[BlackElo "2321"]
[Annotator "NA"]
[PlyCount "102"]
[EventDate "2018.10.17"]
[EventType "tourn"]
[EventCountry "NED"]
[SourceTitle "playchess.com"]
[Source "ChessBase"]
[SourceQuality "1"]
[TimeControl "40/5400+30:1800+30"]

1. d4 {[%emt 0:00:00]} Nf6 {[%emt 0:00:00]} 2. c4 {[%emt 0:00:00]} e6 {[%emt 0:00:00]} 3. Nc3 {[%emt 0:00:00]} Bb4 {[%emt 0:00:10]} 4. Qc2 {[%emt 0:00:00]} Nc6 {[%emt 0:00:41]} 5. Nf3 {[%emt 0:00:44]} d5 {[%emt 0:00:28]} 6. cxd5 {[%emt 0:07:04]} exd5 {[%emt 0:00:59]} 7. Bg5 {[%emt 0:06:36]} h6 {[%emt 0:05:06]} 8. Bxf6 {[%emt 0:00:25] LiveBook: 16 Games} Qxf6 {[%emt 0:00:10]} 9. a3 {[%emt 0:00:19] E33: Nimzo-Indian: Classical: 4...Nc6} (9. e3 Be6 10. a3 Bd6 11. Nb5 O-O 12. Be2 Rfc8 13. O-O Bf8 14. Rac1 a6 15. Nc3 Ne7 16. Na4 b6 {1-0 (35) Jojua,D (2507)-Fier,A (2599) Cappelle-la-Grande 2012}) 9... Bxc3+ {[%emt 0:14:25]} 10. bxc3 {[%emt 0:00:26]} Bf5 {[%emt 0:09:37]} 11. Qb3 {[%emt 0:04:37]} O-O-O {[%emt 0:01:03]} 12. e3 {[%emt 0:03:47]} Be4 $146 {[%emt 0:07:32]} ({Predecessor:} 12... h5 13. Bb5 {0-1 (30) Natal Gomes,M (1485)-Clontz,A (1567) FICGS email 2010}) 13. Nd2 {[%emt 0:11:08]} Qg6 {[%emt 0:03:11]} 14. Nxe4 {[%emt 0:16:37]} Qxe4 {[%emt 0:00:29]} 15. Qb1 {[%emt 0:00:55]} Qxb1+ {[%emt 0:09:27]} 16. Rxb1 {[%emt 0:00:01]} Ne7 {[%emt 0:00:52]} 17. Bd3 {[%emt 0:03:58]} Rd6 {[%emt 0:03:18]} 18. Kd2 {[%emt 0:00:19]} Rb6 {[%emt 0:02:13]} 19. Rb4 {[%emt 0:01:44]} Nc6 {[%emt 0:06:12]} 20. Rb5 {[%emt 0:00:09]} Rxb5 {[%emt 0:02:33]} 21. Bxb5 {[%emt 0:00:03]} Ne7 {[%emt 0:00:17]} 22. Bd3 {[%emt 0:00:07]} Rd8 {[%emt 0:00:32]} 23. Rb1 {[%emt 0:00:26]} Rd6 {[%emt 0:00:58]} 24. f3 {[%emt 0:00:08]} Rb6 {[%emt 0:00:44]} 25. Rxb6 {[%emt 0:00:40]} axb6 {[%emt 0:00:09]} 26. e4 {[%emt 0:00:05]} c6 {[%emt 0:10:39]} 27. a4 {[%emt 0:01:35]} Kc7 {[%emt 0:01:43]} 28. e5 {[%emt 0:01:06]} Kd7 {[%emt 0:07:25]} 29. f4 {[%emt 0:01:23]} f5 {[%emt 0:03:38]} 30. exf6 {[%emt 0:19:08]} gxf6 {[%emt 0:00:02]} 31. g4 {[%emt 0:00:07]} Kd6 {[%emt 0:02:15]} 32. h4 {[%emt 0:04:22]} Nc8 {[%emt 0:00:34]} 33. Ke3 {[%emt 0:01:13]} Ke7 {[%emt 0:00:48]} 34. g5 {[%emt 0:00:47]} fxg5 {[%emt 0:00:21]} 35. fxg5 {[%emt 0:00:05]} hxg5 {[%emt 0:00:27]} 36. hxg5 {[%emt 0:00:02]} Ke6 {[%emt 0:02:18]} 37. Kf4 {[%emt 0:00:15]} Ne7 {[%emt 0:00:09]} 38. Kg4 {[%emt 0:03:50]} c5 {[%emt 0:02:32]} 39. Kh5 {[%emt 0:02:21]} cxd4 {[%emt 0:00:09]} 40. cxd4 {[%emt 0:00:31]} Nc6 {[%emt 0:00:24]} 41. Kh6 {[%emt 0:30:55]} Nxd4 {[%emt 0:31:43]} 42. g6 {[%emt 0:00:01]} Nc6 {[%emt 0:00:16]} 43. g7 {[%emt 0:00:05]} Ne7 {[%emt 0:00:39]} 44. Kh7 {[%emt 0:00:26]} Kd6 {[%emt 0:00:59]} 45. g8=Q {[%emt 0:01:42]} Nxg8 {[%emt 0:00:05]} 46. Kxg8 {[%emt 0:00:04]} Kc5 {[%emt 0:00:10]} 47. Kf7 {[%emt 0:00:02]} Kb4 $11 {[%emt 0:00:10]} 48. Bb5 {[%emt 0:00:07]} d4 {[%emt 0:00:07]} 49. Ke6 {[%emt 0:00:02]} d3 {[%emt 0:00:28]} 50. Bxd3 {[%emt 0:00:05]} Kxa4 {[%emt 0:00:07]} 51. Be4 {[%emt 0:00:03]} Kb4 {[%emt 0:00:53]} 1/2-1/2

[Event "Haarlemse Meesters-IM 2018"]
[Site "Haarlem"]
[Date "2018.10.22"]
[Round "3"]
[White "Vedder, Richard"]
[Black "Daeschler, Florian"]
[Result "1-0"]
[WhiteElo "2288"]
[BlackElo "2254"]
[Annotator "NA"]
[PlyCount "133"]
[EventDate "2018.10.17"]
[EventType "tourn"]
[EventCountry "NED"]
[SourceTitle "playchess.com"]
[Source "ChessBase"]
[SourceQuality "1"]
[TimeControl "40/5400+30:1800+30"]

1. d4 {[%emt 0:00:00]} d5 {[%emt 0:00:00]} 2. c4 {[%emt 0:00:00]} e6 {[%emt 0:00:00]} 3. Nc3 {[%emt 0:00:00]} c5 {[%emt 0:00:00]} 4. cxd5 {[%emt 0:00:00]} exd5 {[%emt 0:00:00]} 5. Nf3 {[%emt 0:00:00]} Nc6 {[%emt 0:00:00]} 6. g3 {[%emt 0:00:12]} Nf6 {[%emt 0:00:01]} 7. Bg2 {[%emt 0:00:07]} Be7 {[%emt 0:00:03]} 8. O-O {[%emt 0:00:40]} O-O {[%emt 0:00:05]} 9. dxc5 {[%emt 0:01:50]} Bxc5 {[%emt 0:00:15]} 10. Bg5 {[%emt 0:02:44]} d4 {[%emt 0:00:06]} 11. Bxf6 {[%emt 0:00:36] D34: Damengambit (Tarrasch-Verteidigung, Hauptvariante)} (11. Ne4 Be7 12. Bxf6 Bxf6 13. Nxf6+ Qxf6 14. b4 Rd8 15. b5 Ne5 16. Rc1 Bg4 17. Nxd4 Rxd4 18. Qxd4 Nf3+ 19. exf3 Qxd4 20. fxg4 Qb6 21. Rfd1 Qxb5 {½-½ (81) Aronian,L (2797)-Wang,Y (2720) Beijing 2014}) 11... Qxf6 {[%emt 0:00:06]} 12. Nd5 {[%emt 0:00:29] LiveBook: 492 Games} Qf5 {[%emt 0:00:10]} 13. Nf4 {[%emt 0:06:54]} Bb6 {[%emt 0:03:10]} 14. Rc1 {[%emt 0:01:41]} Qb5 {[%emt 0:02:34]} 15. b3 $146 {[%emt 0:10:45]} ({Vorgänger:} 15. Nd3 Be6 16. a4 Qf5 17. b4 Rfd8 18. a5 Bc7 19. a6 Bc8 20. axb7 Bxb7 21. Nc5 Bc8 22. Nh4 Qf6 23. Nd3 Bb7 24. b5 {1-0 (24) Acciaioli,F-Woodhouse,S (1719) ICCF email 2015}) 15... Rd8 {[%emt 0:16:14]} 16. a4 {[%emt 0:06:00]} Qa6 {[%emt 0:23:18]} ({Better is} 16... Qf5 $14) 17. Qc2 {[%emt 0:08:15]} d3 {[%emt 0:02:34]} 18. Nxd3 {[%emt 0:03:48]} Bf5 {[%emt 0:00:28]} 19. Rfd1 {[%emt 0:16:42]} Be4 {[%emt 0:14:56]} (19... Rd6 $14) 20. Qc4 {[%emt 0:09:42]} Qxc4 {[%emt 0:02:58]} 21. bxc4 {[%emt 0:00:01]} Na5 {[%emt 0:02:29]} 22. c5 {[%emt 0:01:44]} Bc7 {[%emt 0:00:52]} 23. Ng5 {[%emt 0:01:30]} Bxg2 {[%emt 0:03:43]} 24. Kxg2 {[%emt 0:00:02]} Rd4 {[%emt 0:00:07]} 25. Ra1 {[%emt 0:01:09]} Rad8 {[%emt 0:00:53]} 26. Rdb1 {[%emt 0:00:54]} Re8 {[%emt 0:04:39]} 27. Ra2 {[%emt 0:02:32]} Bd8 {[%emt 0:02:11]} 28. Nf3 {[%emt 0:00:42]} Rde4 {[%emt 0:00:09]} 29. e3 {[%emt 0:00:59]} Bf6 {[%emt 0:00:41]} 30. Nd2 {[%emt 0:12:11]} R4e7 {[%emt 0:00:55]} 31. Nf4 {[%emt 0:01:07]} Rd7 {[%emt 0:00:21]} 32. Kf3 {[%emt 0:00:57]} Be5 {[%emt 0:03:44]} 33. Rb5 {[%emt 0:01:14]} Bc3 {[%emt 0:06:24]} 34. Ne4 {[%emt 0:00:48]} a6 {[%emt 0:00:34]} 35. Nxc3 {[%emt 0:01:45]} axb5 {[%emt 0:00:05]} 36. axb5 {[%emt 0:00:02]} Nb3 {[%emt 0:00:21]} 37. c6 {[%emt 0:00:31]} bxc6 {[%emt 0:00:03]} 38. bxc6 {[%emt 0:00:02]} Rd6 {[%emt 0:02:43]} 39. Nfd5 {[%emt 0:03:07]} Kf8 {[%emt 0:06:12]} 40. c7 {[%emt 0:00:11]} Nc5 {[%emt 0:01:02]} 41. Rc2 {[%emt 0:12:26]} Rc8 {[%emt 0:04:21]} 42. e4 {[%emt 0:00:39]} Ne6 {[%emt 0:09:00]} 43. Nb5 {[%emt 0:00:34]} Ra6 {[%emt 0:08:32]} 44. Ke3 {[%emt 0:01:07]} Ra5 {[%emt 0:06:38]} 45. Nd6 {[%emt 0:01:17]} Rxd5 {[%emt 0:01:00]} 46. Nxc8 {[%emt 0:00:18]} Rd7 {[%emt 0:00:07]} 47. Nb6 {[%emt 0:03:26]} Rxc7 {[%emt 0:00:06]} 48. Rxc7 {[%emt 0:00:05]} Nxc7 {[%emt 0:00:03]} 49. f4 {[%emt 0:00:15]} Ne6 {[%emt 0:00:25]} 50. f5 {[%emt 0:00:29]} Nd8 $18 {[%emt 0:01:55]} 51. e5 {[%emt 0:00:16]} Ke7 {[%emt 0:01:37]} 52. Ke4 {[%emt 0:00:07]} Nc6 {[%emt 0:00:59]} 53. h4 {[%emt 0:03:37]} h6 {[%emt 0:03:44]} 54. h5 {[%emt 0:03:09]} Nd8 {[%emt 0:02:12]} 55. Kd5 {[%emt 0:01:59]} Nb7 {[%emt 0:00:49]} 56. Nc8+ {[%emt 0:00:37]} Kd7 {[%emt 0:00:21]} 57. Nd6 {[%emt 0:00:18]} Nd8 {[%emt 0:00:37]} 58. Nxf7 {[%emt 0:00:48]} Nxf7 {[%emt 0:00:03]} 59. e6+ {[%emt 0:00:05]} Ke7 {[%emt 0:00:02]} 60. exf7 {[%emt 0:00:05]} Kxf7 {[%emt 0:00:03]} 61. Ke5 {[%emt 0:00:08]} Ke7 {[%emt 0:00:11]} 62. f6+ {[%emt 0:03:13]} gxf6+ {[%emt 0:00:16]} 63. Kf5 {[%emt 0:00:01]} Kf7 {[%emt 0:00:10]} 64. g4 {[%emt 0:00:04]} Ke7 {[%emt 0:01:55]} 65. Kg6 {[%emt 0:00:06]} Ke6 {[%emt 0:00:04]} 66. Kxh6 {[%emt 0:00:26]} f5 {[%emt 0:00:27]} 67. g5 {[%emt 0:00:37]} 1-0

[Event "Haarlemse Meesters-IM 2018"]
[Site "Haarlem"]
[Date "2018.10.22"]
[Round "3"]
[White "Van Baar, Esper"]
[Black "Basman, Michael J"]
[Result "0-1"]
[WhiteElo "2223"]
[BlackElo "2313"]
[Annotator "NA"]
[PlyCount "74"]
[EventDate "2018.10.17"]
[EventType "tourn"]
[EventCountry "NED"]
[SourceTitle "playchess.com"]
[Source "ChessBase"]
[SourceQuality "1"]
[TimeControl "40/5400+30:1800+30"]

1. e4 {[%emt 0:00:00]} g5 {[%emt 0:00:00]} 2. d4 {[%emt 0:00:00]} h6 {[%emt 0:00:00]} 3. h4 {[%emt 0:00:02]} g4 {[%emt 0:00:00] B00: Queen's Fianchetto Defence, Nimzowitsch Defence} 4. Qxg4 {[%emt 0:00:18]} d5 {[%emt 0:00:00]} 5. Qf4 {[%emt 0:00:18]} dxe4 {[%emt 0:00:00]} 6. Nc3 {[%emt 0:01:26]} Nf6 {[%emt 0:08:02]} 7. Be3 $146 {[%emt 0:08:22]} ({Predecessor:} 7. Nxe4 Qxd4 8. Nxf6+ Qxf6 9. Qxf6 exf6 10. Bf4 c6 11. O-O-O {1-0 (48) Camacho,C (2248)-Valverde Lopez,M (2021) Remote email 2014}) 7... Rg8 {[%emt 0:07:39]} 8. Nxe4 {[%emt 0:07:22]} Nd5 $1 {[%emt 0:03:30]} 9. Qe5 {[%emt 0:24:00]} (9. Qf3 $16) 9... Rg6 {[%emt 0:07:15]} 10. Nc3 {[%emt 0:04:34]} Nxc3 {[%emt 0:16:12]} 11. bxc3 {[%emt 0:00:10]} Nc6 {[%emt 0:03:43]} 12. Qe4 {[%emt 0:01:49]} Be6 {[%emt 0:04:23]} 13. h5 {[%emt 0:05:07]} Rg4 {[%emt 0:03:06]} 14. Qf3 {[%emt 0:01:59]} Qd7 {[%emt 0:02:51]} 15. Be2 {[%emt 0:03:07]} Rg8 {[%emt 0:01:13]} 16. Bd3 {[%emt 0:08:14]} O-O-O {[%emt 0:03:53]} 17. Ne2 {[%emt 0:04:06]} Bd5 {[%emt 0:03:16]} 18. Be4 {[%emt 0:00:34]} Bxe4 {[%emt 0:01:34]} 19. Qxe4 {[%emt 0:00:03]} f5 {[%emt 0:04:22]} 20. Qf4 {[%emt 0:04:07]} (20. Qd3 $11) 20... e5 {[%emt 0:04:24]} 21. dxe5 {[%emt 0:00:36]} Rg4 {[%emt 0:00:09]} 22. Qh2 {[%emt 0:05:22]} Qd5 {[%emt 0:03:20]} 23. f3 {[%emt 0:02:27]} Rg8 {[%emt 0:01:45]} 24. Bd4 {[%emt 0:04:19]} Na5 {[%emt 0:03:17]} 25. Nf4 {[%emt 0:02:03]} (25. Qh3 $16) 25... Qc4 {[%emt 0:00:41]} 26. Qh3 {[%emt 0:00:54]} c5 {[%emt 0:00:22]} 27. Qxf5+ {[%emt 0:00:15]} Kb8 {[%emt 0:00:01]} 28. e6 {[%emt 0:04:46]} cxd4 {[%emt 0:02:08]} 29. Qxa5 {[%emt 0:00:51]} Bd6 $19 {[%emt 0:00:07]} 30. e7 {[%emt 0:05:20]} Rde8 {[%emt 0:01:14]} 31. Ng6 {[%emt 0:00:07]} Bxe7 {[%emt 0:00:28]} 32. O-O-O {[%emt 0:00:40]} Bc5 {[%emt 0:02:15]} 33. cxd4 {[%emt 0:01:12]} Bb4 {[%emt 0:04:14]} 34. Ne5 {[%emt 0:00:16]} Qc3 {[%emt 0:00:04]} 35. Nd7+ {[%emt 0:01:42]} Kc8 {[%emt 0:00:05]} 36. Nb6+ {[%emt 0:00:59]} axb6 {[%emt 0:00:02]} 37. Qa8+ {[%emt 0:00:21]} Kc7 {[%emt 0:00:30]} 0-1

[Event "Haarlemse Meesters-IM 2018"]
[Site "Haarlem"]
[Date "2018.10.23"]
[Round "4"]
[White "Harff, Marcel"]
[Black "Vedder, Richard"]
[Result "0-1"]
[WhiteElo "2420"]
[BlackElo "2288"]
[Annotator "ChessBase"]
[PlyCount "54"]
[EventDate "2018.10.17"]
[EventType "tourn"]
[EventCountry "NED"]
[SourceTitle "playchess.com"]
[Source "ChessBase"]
[SourceQuality "1"]
[TimeControl "40/5400+30:1800+30"]

1. c4 {[%emt 0:00:00]} c5 {[%emt 0:00:00]} 2. b3 {[%emt 0:00:00]} Nf6 {[%emt 0:01:32]} 3. Bb2 {[%emt 0:00:08]} e6 {[%emt 0:00:07]} 4. e3 {[%emt 0:00:13]} b6 {[%emt 0:01:04]} 5. Nf3 {[%emt 0:00:42]} Bb7 {[%emt 0:00:07]} 6. Nc3 {[%emt 0:01:10]} Be7 {[%emt 0:00:58]} 7. d4 {[%emt 0:03:19]} cxd4 {[%emt 0:00:19]} 8. Nxd4 {[%emt 0:01:07]} O-O {[%emt 0:00:41]} 9. a3 {[%emt 0:06:32]} d6 {[%emt 0:06:06]} 10. Rg1 {[%emt 0:08:56]} Nbd7 {[%emt 0:04:54]} 11. g4 {[%emt 0:00:44]} Nc5 {[%emt 0:04:32]} 12. g5 {[%emt 0:00:33]} Nfe4 {[%emt 0:01:58]} 13. Nxe4 {[%emt 0:00:09]} Nxe4 {[%emt 0:05:47]} 14. Bg2 {[%emt 0:00:57]} Qd7 {[%emt 0:18:29]} 15. h4 {[%emt 0:05:33]} e5 {[%emt 0:04:51]} 16. Ne2 {[%emt 0:04:56]} Nc5 {[%emt 0:07:53]} 17. b4 {[%emt 0:02:54]} Bxg2 {[%emt 0:00:05]} 18. Rxg2 {[%emt 0:00:06]} Qc6 {[%emt 0:04:22]} 19. Qd5 {[%emt 0:08:25]} Qxd5 {[%emt 0:00:26]} 20. cxd5 {[%emt 0:00:09]} Nd3+ {[%emt 0:00:03]} 21. Kd2 {[%emt 0:04:55]} Nxb2 {[%emt 0:00:06]} 22. Nc3 {[%emt 0:02:13]} Rfc8 {[%emt 0:01:14]} 23. Ra2 {[%emt 0:00:10]} Nc4+ {[%emt 0:00:12]} 24. Kd3 {[%emt 0:00:03]} a6 {[%emt 0:02:27]} 25. a4 {[%emt 0:00:03]} Rc7 {[%emt 0:01:06]} 26. Rg4 {[%emt 0:00:37]} Rac8 {[%emt 0:00:56]} 27. Rc2 {[%emt 0:00:35]} Nb2+ {[%emt 0:00:00] Kd4 [%emt 00:00:03]} 0-1